[Event "Managua Hurtado Memorial 15th"]
[Site "Managua"]
[Date "2015.12.30"]
[Round "9"]
[White "Velasquez, Rommel"]
[Black "Enamorado, Jose Luis"]
[Result "0-1"]
[WhiteElo "1994"]
[BlackElo "1824"]
[PlyCount "60"]
[EventDate "2015.12.26"]
[EventType "swiss"]
[EventRounds "9"]
[EventCountry "NCA"]
[SourceTitle "CBM 170 Extra"]
[Source "ChessBase"]
[SourceDate "2016.02.25"]
[SourceVersion "1"]
[SourceVersionDate "2016.02.25"]
[SourceQuality "1"]

1. e4 e5 2. Nf3 Nc6 3. Bb5 a6 4. Ba4 Nf6 5. 0-0 Be7 6. Bxc6 dxc6 7. d3 Nd7 8. Nbd2 0-0 9. Nc4 f6 10. a4 Nc5 11. Nh4 f5 12. Nxf5 Bxf5 13. exf5 Rxf5 14. Qg4 Qf8 15. b4 Ne6 16. Bb2 Nd4 17. Bxd4 exd4 18. Rab1 Rd8 19. Na5 Rd6 20. Nxb7 Rf4 21. Qe2 Rdf6 22. b5 axb5 23. axb5 c5 24. Na5 h5 25. Nc4 h4 26. h3 Bd6 27. Nd2 Rg6 28. Ne4 Qf5 29. Nxd6 cxd6 30. b6 Qxh3 0-1

[Event "Managua Hurtado Memorial 15th"]
[Site "Managua"]
[Date "2015.12.29"]
[Round "7"]
[White "Godoy Cano, Miguel Angel"]
[Black "Enamorado, Jose Luis"]
[Result "1-0"]
[WhiteElo "1989"]
[BlackElo "1824"]
[PlyCount "71"]
[EventDate "2015.12.26"]
[EventType "swiss"]
[EventRounds "9"]
[EventCountry "NCA"]
[SourceTitle "CBM 170 Extra"]
[Source "ChessBase"]
[SourceDate "2016.02.25"]
[SourceVersion "1"]
[SourceVersionDate "2016.02.25"]
[SourceQuality "1"]

1. c4 e5 2. Nc3 Nf6 3. g3 d5 4. cxd5 Nxd5 5. Nf3 Nc6 6. Bg2 Nb6 7. 0-0 Be7 8. d3 0-0 9. Ne1 Nd4 10. f4 exf4 11. Bxf4 c6 12. Be3 Bg4 13. h3 Bh5 14. Qd2 Qd7 15. Bf2 Rad8 16. e3 Bg5 17. g4 Bxg4 18. hxg4 Qxg4 19. Qd1 Qxd1 20. Rxd1 Nf5 21. Nc2 Rfe8 22. Rfe1 Nd5 23. Bxd5 cxd5 24. e4 d4 25. exf5 dxc3 26. bxc3 h5 27. d4 Rxe1+ 28. Nxe1 Rd5 29. c4 Rxf5 30. d5 h4 31. Bxa7 Bf4 32. Nd3 Bc7 33. Nf2 Rg5+ 34. Kh1 Bg3 35. d6 Ra5 36. Bb6 1-0

[Event "Managua Hurtado Memorial 15th"]
[Site "Managua"]
[Date "2015.12.28"]
[Round "5"]
[White "Enamorado, Jose Luis"]
[Black "Jimenez Martinez, Alexander"]
[Result "0-1"]
[WhiteElo "1824"]
[BlackElo "2002"]
[PlyCount "100"]
[EventDate "2015.12.26"]
[EventType "swiss"]
[EventRounds "9"]
[EventCountry "NCA"]
[SourceTitle "CBM 170 Extra"]
[Source "ChessBase"]
[SourceDate "2016.02.25"]
[SourceVersion "1"]
[SourceVersionDate "2016.02.25"]
[SourceQuality "1"]

1. e4 c5 2. Nc3 Nc6 3. g3 g6 4. Bg2 Bg7 5. d3 d6 6. Be3 e6 7. Qd2 Nge7 8. Bh6 Bxh6 9. Qxh6 Nd4 10. Qd2 Rb8 11. Nd1 h5 12. c3 Ndc6 13. Ne3 e5 14. Ne2 Be6 15. h4 d5 16. exd5 Nxd5 17. 0-0 0-0 18. d4 cxd4 19. cxd4 Nxe3 20. fxe3 exd4 21. exd4 Bd5 22. Qf4 Bxg2 23. Kxg2 Qd5+ 24. Kh2 Rbe8 25. Qf2 Qc4 26. Rae1 Qc2 27. Kg1 Qxb2 28. a4 Qa2 29. Nc3 Qxf2+ 30. Kxf2 Nxd4 31. Rd1 Rc8 32. Rxd4 Rxc3 33. Rd7 Ra3 34. Rxb7 Rxa4 35. Ke3 Ra3+ 36. Kf4 Kg7 37. Re1 Rc8 38. Ree7 Rc4+ 39. Ke5 Re3+ 40. Kd5 Rxe7 41. Rxe7 Rc3 42. Rxa7 Rxg3 43. Ra1 Re3 44. Ra4 Rg3 45. Ra1 Rg4 46. Rh1 f5 47. Rh2 Kf6 48. Rh3 f4 49. Rf3 Kf5 50. Rf1 Rxh4 0-1

[Event "Managua Hurtado Memorial 15th"]
[Site "Managua"]
[Date "2015.12.27"]
[Round "3"]
[White "Enamorado, Jose Luis"]
[Black "Quezada Mendez, Cesar Andres"]
[Result "1/2-1/2"]
[WhiteElo "1824"]
[BlackElo "1561"]
[PlyCount "154"]
[EventDate "2015.12.26"]
[EventType "swiss"]
[EventRounds "9"]
[EventCountry "NCA"]
[SourceTitle "CBM 170 Extra"]
[Source "ChessBase"]
[SourceDate "2016.02.25"]
[SourceVersion "1"]
[SourceVersionDate "2016.02.25"]
[SourceQuality "1"]

1. e4 c6 2. d3 d5 3. Nd2 e5 4. Ngf3 Nd7 5. g3 Ngf6 6. Bg2 Bd6 7. 0-0 d4 8. Nc4 Bc7 9. Nh4 b5 10. Nd2 Nf8 11. Nf5 Bxf5 12. exf5 Qd6 13. a4 Rb8 14. axb5 cxb5 15. Rxa7 N8d7 16. f4 0-0 17. Ne4 Qb6 18. Ra1 Nc5 19. Nxf6+ Qxf6 20. Qg4 Kh8 21. fxe5 Bxe5 22. Bg5 Qd6 23. Rae1 f6 24. Bf4 Rfe8 25. Bd2 b4 26. b3 Rec8 27. Re2 Nd7 28. Bf4 Rb5 29. Rff2 Rbc5 30. h4 Nf8 31. Bxe5 Rxe5 32. Rxe5 Qxe5 33. Re2 Qc5 34. Qf4 Nd7 35. g4 Ne5 36. g5 Qa7 37. Kh2 Qc7 38. Kh3 Rd8 39. Be4 Qf7 40. Rg2 Qh5 41. gxf6 gxf6 42. Qg3 Qf7 43. Rg1 Rg8 44. Qxg8+ Qxg8 45. Rxg8+ Kxg8 46. Bd5+ Kf8 47. Kg3 Ke7 48. Kf4 Kd6 49. Ke4 Kc5 50. Be6 h6 51. Bc4 Nd7 52. Bf7 Ne5 53. Be8 Ng4 54. Kf4 Ne5 55. Bh5 Kd6 56. Bf3 Kc5 57. Bh5 Kd6 58. Ke4 Kc5 59. Be2 Nd7 60. Bf3 Ne5 61. Bd1 Nd7 62. c4 Ne5 63. Bh5 Nd7 64. Kf4 Ne5 65. Be2 Kd6 66. Bf1 Kc5 67. Ke4 Nd7 68. Be2 Ne5 69. Bf3 Nd7 70. Kf4 Ne5 71. Be4 Kd6 72. Kg3 Kc5 73. Kg2 Kd6 74. Kf2 Kc5 75. Ke2 Kd6 76. Bf3 Kc5 77. Bh5 Kd6 1/2-1/2

[Event "Managua Hurtado Memorial 15th"]
[Site "Managua"]
[Date "2015.12.27"]
[Round "2"]
[White "Morales, Benjamin"]
[Black "Enamorado, Jose Luis"]
[Result "1/2-1/2"]
[WhiteElo "1648"]
[BlackElo "1824"]
[PlyCount "84"]
[EventDate "2015.12.26"]
[EventType "swiss"]
[EventRounds "9"]
[EventCountry "NCA"]
[SourceTitle "CBM 170 Extra"]
[Source "ChessBase"]
[SourceDate "2016.02.25"]
[SourceVersion "1"]
[SourceVersionDate "2016.02.25"]
[SourceQuality "1"]

1. e4 e5 2. Nf3 Nc6 3. Bb5 a6 4. Ba4 Nf6 5. 0-0 Be7 6. d3 d6 7. Nc3 b5 8. Bb3 Na5 9. Nd5 Nxd5 10. Bxd5 c6 11. Bb3 Nxb3 12. axb3 0-0 13. Bd2 f5 14. Qe2 h6 15. Ba5 Qe8 16. Nd2 f4 17. f3 Qh5 18. g4 fxg3 19. hxg3 Bg5 20. Qh2 Be3+ 21. Kg2 Qg5 22. Kh1 Bb7 23. Nb1 Rf6 24. Bd2 Raf8 25. Bxe3 Qxe3 26. Nd2 Bc8 27. Rf2 h5 28. Raf1 Bg4 29. Re2 Qd4 30. fxg4 Rxf1+ 31. Nxf1 Rxf1+ 32. Kg2 Rc1 33. gxh5 d5 34. Kh3 dxe4 35. Rxe4 Qxb2 36. Re2 Qb1 37. Qf2 Rh1+ 38. Kg4 Qd1 39. Kg5 Qc1+ 40. Kg4 Qd1 41. Kg5 Qc1+ 42. Kg4 Qd1 1/2-1/2

[Event "Managua Sub zt 2.3"]
[Site "Managua"]
[Date "2014.05.01"]
[Round "7"]
[White "Vasquez, Jose Luis"]
[Black "Enamorado, Jose Luis"]
[Result "1-0"]
[WhiteElo "1855"]
[BlackElo "1823"]
[PlyCount "107"]
[EventDate "2014.04.27"]
[EventType "swiss"]
[EventRounds "9"]
[EventCountry "NCA"]
[SourceTitle "EXT 2015"]
[Source "ChessBase"]
[SourceDate "2014.11.20"]
[SourceVersion "1"]
[SourceVersionDate "2014.11.20"]
[SourceQuality "1"]

1. d4 d5 2. c4 e6 3. Nf3 Nf6 4. g3 Be7 5. Bg2 0-0 6. Nc3 a6 7. 0-0 dxc4 8. Ne5 c5 9. dxc5 Qxd1 10. Rxd1 Bxc5 11. Nxc4 Nc6 12. Bg5 Ng4 13. Ne4 Ba7 14. h3 f6 15. hxg4 fxg5 16. e3 h6 17. Rac1 Rb8 18. Ned6 Bd7 19. b3 b5 20. Nxb5 axb5 21. Rxd7 bxc4 22. Bxc6 Bc5 23. Rxc4 Bb4 24. Rb7 Rxb7 25. Bxb7 Be1 26. Rc2 Kf7 27. Kf1 Bb4 28. Rc4 Bd6 29. Rc6 Ke7 30. Ke2 Kd7 31. Rc2 Rb8 32. Be4 Bb4 33. Kd3 Ba5 34. f4 Be1 35. fxg5 hxg5 36. Rc5 Ke7 37. Rxg5 Kf7 38. Rc5 Bxg3 39. g5 Bd6 40. Ra5 Rd8 41. Ra7+ Be7+ 42. Ke2 Kf8 43. g6 Bf6 44. Rf7+ Kg8 45. b4 Bc3 46. Rb7 Rd2+ 47. Kf3 Kf8 48. a4 Ke8 49. b5 Kd8 50. Ra7 Rb2 51. Bc6 Ra2 52. b6 Be5 53. Ra8+ Ke7 54. b7 1-0

[Event "Managua Sub zt 2.3"]
[Site "Managua"]
[Date "2014.04.29"]
[Round "4"]
[White "Enamorado, Jose Luis"]
[Black "Pacheco, Julio"]
[Result "0-1"]
[WhiteElo "1823"]
[BlackElo "1980"]
[PlyCount "77"]
[EventDate "2014.04.27"]
[EventType "swiss"]
[EventRounds "9"]
[EventCountry "NCA"]
[SourceTitle "EXT 2015"]
[Source "ChessBase"]
[SourceDate "2014.11.20"]
[SourceVersion "1"]
[SourceVersionDate "2014.11.20"]
[SourceQuality "1"]

1. c4 g6 2. g3 Bg7 3. Bg2 c5 4. Nc3 Nc6 5. Nf3 d6 6. 0-0 Nf6 7. d4 cxd4 8. Nxd4 Bd7 9. b3 0-0 10. Bb2 Re8 11. e4 Bg4 12. Nxc6 bxc6 13. Qd2 Qc7 14. h3 Bd7 15. Rad1 Red8 16. Kh2 a6 17. f4 Bc8 18. Qe2 Bb7 19. f5 Rf8 20. fxg6 hxg6 21. c5 Rad8 22. cxd6 exd6 23. Rxf6 Bxf6 24. Nd5 cxd5 25. Bxf6 Rde8 26. Qg4 Re6 27. Qh4 Rxf6 28. Qxf6 dxe4 29. Qxd6 Qxd6 30. Rxd6 Re8 31. Rd2 f5 32. h4 Kf7 33. Kg1 Ke6 34. Kf1 Rc8 35. Re2 Ke5 36. Kf2 Rc5 37. Bf1 a5 38. Rd2 Rc3 39. g4 0-1

[Event "Managua Sub zt 2.3"]
[Site "Managua"]
[Date "2014.04.29"]
[Round "5"]
[White "Monzon Perez, Calixto Raul"]
[Black "Enamorado, Jose Luis"]
[Result "0-1"]
[WhiteElo "2066"]
[BlackElo "1823"]
[PlyCount "66"]
[EventDate "2014.04.27"]
[EventType "swiss"]
[EventRounds "9"]
[EventCountry "NCA"]
[SourceTitle "EXT 2015"]
[Source "ChessBase"]
[SourceDate "2014.11.20"]
[SourceVersion "1"]
[SourceVersionDate "2014.11.20"]
[SourceQuality "1"]

1. e4 e5 2. Nf3 Nc6 3. Bb5 a6 4. Ba4 Nf6 5. 0-0 Be7 6. Re1 b5 7. Bb3 d6 8. c3 0-0 9. h3 Nb8 10. a4 Bb7 11. d3 Nbd7 12. Bc2 Re8 13. Nbd2 Bf8 14. Nf1 g6 15. Ng3 c5 16. Bg5 h6 17. Be3 d5 18. Qe2 dxe4 19. dxe4 c4 20. Rad1 Qc7 21. Bc1 Nc5 22. axb5 axb5 23. Nh2 h5 24. Bg5 Bg7 25. Kh1 Ne6 26. Bc1 Nf4 27. Qf3 Ne6 28. Qe2 Nf4 29. Qf1 h4 30. Ne2 Nxe4 31. Nxf4 exf4 32. Nf3 Qc5 33. Kg1 Ng3 0-1

[Event "Managua Sub zt 2.3"]
[Site "Managua"]
[Date "2014.04.28"]
[Round "3"]
[White "Duran Vega, Sergio"]
[Black "Enamorado, Jose Luis"]
[Result "1-0"]
[WhiteElo "2252"]
[BlackElo "1823"]
[PlyCount "72"]
[EventDate "2014.04.27"]
[EventType "swiss"]
[EventRounds "9"]
[EventCountry "NCA"]
[SourceTitle "EXT 2015"]
[Source "ChessBase"]
[SourceDate "2014.11.20"]
[SourceVersion "1"]
[SourceVersionDate "2014.11.20"]
[SourceQuality "1"]

1. e4 e5 2. Nf3 Nc6 3. Bb5 a6 4. Ba4 Nf6 5. d3 d6 6. 0-0 Bd7 7. c3 g6 8. Re1 Bg7 9. Bg5 h6 10. Bh4 0-0 11. Nbd2 Re8 12. Nf1 Ne7 13. d4 Bxa4 14. Qxa4 b5 15. Qb3 exd4 16. cxd4 c5 17. e5 c4 18. Qa3 dxe5 19. dxe5 Nfd5 20. Rad1 Qb6 21. Qd6 g5 22. Bg3 Rad8 23. Qxb6 Nxb6 24. Rxd8 Rxd8 25. e6 Nbd5 26. exf7+ Kxf7 27. Be5 Nc6 28. Bxg7 Kxg7 29. Re6 Ncb4 30. h4 Nf4 31. Rb6 Nbd3 32. hxg5 hxg5 33. Ne3 Nxb2 34. Nxg5 c3 35. Ne4 Rd1+ 36. Kh2 Nc4 1-0